000 01326namaa22003251i 4500
005 20260302135104.0
008 260215s1996 ua a|||frm||| 000 0 eng d
040 _aEG-GICUC
_beng
_cEG-GICUC
_dEG-GICUC
_erda
041 0 _aeng
_beng
_bara
049 _aDeposit
097 _aPh.D
099 _aCai01.07.01.Ph.D.1996.Me.S.
100 0 _aMervat Mitry Saad EL-Menshawy,
_epreparation.
245 1 2 _aA Study On The Production Of Grain Sorghum Hybrids /
_cBy Mervat Mitry Saad EL-Menshawy; Supervised Prof. Dr. M. S. Radwan, Prof. Dr. M. S. A. Mostafa, Prof.Dr. Osman O. EL-Nagouly.
246 1 5 _aدراسة على إنتاج هجن الذرة الرفيعة /
264 0 _c1996.
300 _a91 pages :
_billustrations ;
_c30 cm. +
336 _2rda content
_atext
337 _2rdamedia
_aUnmediated
338 _2rdacarrier
_avolume
502 _aThesis (Ph.D)-Cairo University, 1996.
504 _aBibliography: pages 80-91.
653 0 _aAgronomy
700 0 _aM. S. Radwan
_ethesis advisor.
700 0 _aM. S. A. Mostafa
_ethesis advisor.
700 0 _aOsman O. EL-Nagouly
_ethesis advisor.
900 _DDepartment of Agronomy
_FFaculty of Agriculture
_UCairo University
_b1996
_cM. S. Radwan
_cM. S. A. Mostafa
_cOsman O. EL-Nagouly
905 _aEman El gebaly
_eNourhan
942 _2ddc
_cTH
_e21
_n0
999 _c178497